[Event "imp"]
[Site "?"]
[Date "2015.03.25"]
[Round "2.7"]
[White "Mista, Aleksander"]
[Black "Kolosowski, Mateusz"]
[Result "1-0"]
[LiveChessVersion "1.4.4"]
[BlackElo "2443"]
[WhiteElo "2597"]

1. e4 {[%clk 1:30:57]} c5 {[%clk 1:30:53]} 2. Nf3 {[%clk 1:31:24]} e6
{[%clk 1:31:17]} 3. g3 {[%clk 1:31:43]} Nc6 {[%clk 1:31:10]} 4. Bg2
{[%clk 1:32:08]} d5 {[%clk 1:29:48]} 5. exd5 {[%clk 1:32:30]} exd5
{[%clk 1:30:12]} 6. O-O {[%clk 1:32:38]} Bd6 {[%clk 1:26:26]} 7. d4
{[%clk 1:32:08]} Nge7 {[%clk 1:26:40]} 8. dxc5 {[%clk 1:30:02]} Bxc5
{[%clk 1:26:54]} 9. Nbd2 {[%clk 1:28:36]} O-O {[%clk 1:19:26]} 10. Nb3
{[%clk 1:28:56]} Bb6 {[%clk 1:19:33]} 11. Re1 {[%clk 1:27:24]} Bg4
{[%clk 1:00:03]} 12. h3 {[%clk 1:23:49]} Bh5 {[%clk 0:57:58]} 13. c3
{[%clk 1:21:39]} Qd6 {[%clk 0:48:53]} 14. Be3 {[%clk 1:16:55]} Bxe3
{[%clk 0:48:30]} 15. Rxe3 {[%clk 1:17:06]} Rad8 {[%clk 0:41:42]} 16. g4
{[%clk 1:08:35]} Bg6 {[%clk 0:42:05]} 17. Nfd4 {[%clk 1:08:36]} Nxd4
{[%clk 0:38:56]} 18. Nxd4 {[%clk 1:06:06]} Nc6 {[%clk 0:38:35]} 19. Qa4
{[%clk 1:02:13]} Qf4 {[%clk 0:30:48]} 20. Rd1 {[%clk 0:58:50]} a6
{[%clk 0:24:49]} 21. Qa3 {[%clk 0:53:35]} Ne5 {[%clk 0:18:00]} 22. Qe7
{[%clk 0:46:30]} Nc4 {[%clk 0:14:52]} 23. Re2 {[%clk 0:46:15]} Qb8
{[%clk 0:10:41]} 24. b3 {[%clk 0:45:09]} Rfe8 {[%clk 0:09:10]} 25. Qc5
{[%clk 0:44:30]} Ne5 {[%clk 0:07:36]} 26. Nf5 {[%clk 0:37:19]} Bxf5
{[%clk 0:06:00]} 27. gxf5 {[%clk 0:37:45]} b6 {[%clk 0:06:08]} 28. Qd4
{[%clk 0:35:25]} h5 {[%clk 0:03:12]} 29. Qh4 {[%clk 0:33:50]} Nd7
{[%clk 0:03:10]} 30. Qxh5 {[%clk 0:26:18]} Nf6 {[%clk 0:03:22]} 31. Qf3
{[%clk 0:26:05]} Qc8 {[%clk 0:02:26]} 32. Rxe8+ {[%clk 0:24:31]} Rxe8
{[%clk 0:02:55]} 33. Qd3 {[%clk 0:24:37]} Re5 {[%clk 0:02:54]} 34. a4
{[%clk 0:17:22]} Rxf5 {[%clk 0:02:41]} 35. Re1 {[%clk 0:17:41]} g6
{[%clk 0:01:00]} 36. Re7 {[%clk 0:15:47]} a5 {[%clk 0:00:58]} 37. Qe3
{[%clk 0:14:57]} Qb8 {[%clk 0:00:43]} 38. Qg3 {[%clk 0:13:30]} Rf4
{[%clk 0:00:39]} 39. Rb7 {[%clk 0:08:24]} Qxb7 {[%clk 0:00:34]} 40. Qxf4
{[%clk 0:38:52]} Qc6 {[%clk 0:30:32]} 41. c4 {[%clk 0:38:01]} Qe6
{[%clk 0:27:39]} 42. cxd5 {[%clk 0:38:18]} Nxd5 {[%clk 0:27:51]} 43. Bxd5
{[%clk 0:38:34]} Qxd5 {[%clk 0:28:19]} 44. Qb8+ {[%clk 0:39:00]} Kh7
{[%clk 0:27:59]} 45. Qxb6 {[%clk 0:39:28]} Qg5+ {[%clk 0:28:02]} 46. Kf1
{[%clk 0:39:34]} Qc1+ {[%clk 0:26:06]} 47. Ke2 {[%clk 0:40:01]} Qc2+
{[%clk 0:26:16]} 48. Ke3 {[%clk 0:40:22]} Qc3+ {[%clk 0:26:01]} 49. Ke4
{[%clk 0:40:24]} Qxh3 {[%clk 0:25:59]} 50. Kd5 {[%clk 0:38:12]} Qf3+
{[%clk 0:20:48]} 51. Kd6 {[%clk 0:37:15]} g5 {[%clk 0:19:54]} 52. Ke7
{[%clk 0:34:06]} Qd5 {[%clk 0:15:00]} 53. Kf6 {[%clk 0:31:38]} g4
{[%clk 0:09:29]} 54. Qe3 {[%clk 0:30:05]} Qd7 {[%clk 0:09:42]} 55. Qe5
{[%clk 0:28:21]} Qc6+ {[%clk 0:08:17]} 56. Kxf7 {[%clk 0:28:29]} Qf3+
{[%clk 0:08:40]} 57. Ke7 {[%clk 0:28:39]} Qxb3 {[%clk 0:07:36]} 58. Qh5+
{[%clk 0:28:53]} Kg7 {[%clk 0:07:42]} 59. Qxg4+ {[%clk 0:29:20]} Kh7
{[%clk 0:07:35]} 60. Qf5+ {[%clk 0:29:42]} Kg7 {[%clk 0:07:51]} 61. Qf6+
{[%clk 0:29:51]} 1-0

[Event "imp"]
[Site "?"]
[Date "2015.03.25"]
[Round "2.8"]
[White "Maksimenko, Andrei"]
[Black "Krysztofiak, Marcin"]
[Result "1/2-1/2"]
[LiveChessVersion "1.4.4"]
[BlackElo "2410"]
[WhiteElo "2495"]

1. d4 {[%clk 1:30:56]} Nf6 {[%clk 1:30:48]} 2. c4 {[%clk 1:31:18]} e6
{[%clk 1:31:12]} 3. Nc3 {[%clk 1:31:40]} Bb4 {[%clk 1:31:29]} 4. Qc2
{[%clk 1:31:56]} d6 {[%clk 1:30:54]} 5. Nf3 {[%clk 1:31:08]} O-O {[%clk 1:30:31]}
6. Bd2 {[%clk 1:29:03]} c5 {[%clk 1:18:59]} 7. dxc5 {[%clk 1:24:45]} dxc5
{[%clk 1:19:09]} 8. a3 {[%clk 1:21:56]} Ba5 {[%clk 1:19:24]} 9. e3
{[%clk 1:15:40]} Nc6 {[%clk 1:13:12]} 10. Bd3 {[%clk 1:12:51]} h6
{[%clk 1:12:20]} 11. Rd1 {[%clk 0:59:55]} Qe7 {[%clk 1:10:44]} 12. O-O
{[%clk 0:46:25]} Rd8 {[%clk 1:06:49]} 13. Ne4 {[%clk 0:39:05]} Bxd2
{[%clk 1:06:10]} 14. Nxf6+ {[%clk 0:32:35]} Qxf6 {[%clk 1:06:26]} 15. Rxd2
{[%clk 0:32:37]} Bd7 {[%clk 0:56:54]} 16. Rfd1 {[%clk 0:29:54]} Be8
{[%clk 0:57:08]} 17. h3 {[%clk 0:28:32]} Kf8 {[%clk 0:45:42]} 18. Be2
{[%clk 0:27:52]} Rxd2 {[%clk 0:42:44]} 19. Rxd2 {[%clk 0:27:23]} Rd8
{[%clk 0:40:04]} 20. Rxd8 {[%clk 0:27:34]} Nxd8 {[%clk 0:36:33]} 21. Nd2
{[%clk 0:27:39]} Bc6 {[%clk 0:33:27]} 22. Bf3 {[%clk 0:27:30]} Bxf3
{[%clk 0:31:39]} 23. Nxf3 {[%clk 0:27:55]} Nc6 {[%clk 0:22:59]} 24. Kf1
{[%clk 0:27:13]} Ne5 {[%clk 0:15:49]} 25. Nxe5 {[%clk 0:26:10]} Qxe5
{[%clk 0:16:14]} 26. Ke2 {[%clk 0:23:57]} b6 {[%clk 0:15:48]} 27. f4
{[%clk 0:21:02]} Qh5+ {[%clk 0:15:58]} 28. Kf2 {[%clk 0:20:43]} Qh4+
{[%clk 0:15:44]} 29. Ke2 {[%clk 0:19:58]} Qh5+ {[%clk 0:15:57]} 30. Kf2
{[%clk 0:20:15]} Qh4+ {[%clk 0:16:20]} 31. Ke2 {[%clk 0:19:50]} Qh5+
{[%clk 0:16:44]} 32. Kd2 {[%clk 0:18:49]} Qh4 {[%clk 0:15:48]} 33. Ke2
{[%clk 0:17:10]} Qh5+ {[%clk 0:16:12]} 34. Kf2 {[%clk 0:17:24]} Qh4+
{[%clk 0:16:36]} 35. Ke2 {[%clk 0:17:47]} Qh5+ {[%clk 0:17:00]} 36. Kf2
{[%clk 0:18:07]} Qh4+ {[%clk 0:17:26]} 37. Ke2 {[%clk 0:18:30]} Qh5+
{[%clk 0:17:51]} 38. Kf2 {[%clk 0:18:52]} Qh4+ {[%clk 0:18:17]} 39. Ke2
{[%clk 0:19:08]} Qh5+ {[%clk 0:18:42]} 40. Kf2 {[%clk 0:49:33]} Qh4+
{[%clk 0:49:07]} 1/2-1/2

[Event "imp"]
[Site "?"]
[Date "2015.03.25"]
[Round "2.9"]
[White "Weichhold, Pawel"]
[Black "Matuszewski, Michal"]
[Result "1/2-1/2"]
[LiveChessVersion "1.4.4"]
[BlackElo "2463"]
[WhiteElo "2404"]

1. e4 {[%clk 1:30:58]} c5 {[%clk 1:30:52]} 2. Nf3 {[%clk 1:31:20]} d6
{[%clk 1:31:17]} 3. d4 {[%clk 1:31:47]} cxd4 {[%clk 1:31:40]} 4. Nxd4
{[%clk 1:32:08]} Nf6 {[%clk 1:32:04]} 5. Nc3 {[%clk 1:32:35]} a6 {[%clk 1:32:29]}
6. Be3 {[%clk 1:32:41]} e5 {[%clk 1:32:42]} 7. Nb3 {[%clk 1:33:04]} Be6
{[%clk 1:32:43]} 8. h3 {[%clk 1:33:20]} Be7 {[%clk 1:32:01]} 9. Qf3
{[%clk 1:31:32]} Nbd7 {[%clk 1:31:15]} 10. g4 {[%clk 1:29:18]} h6
{[%clk 1:31:38]} 11. O-O-O {[%clk 1:27:53]} b5 {[%clk 1:30:55]} 12. Kb1
{[%clk 1:15:48]} Rc8 {[%clk 1:15:22]} 13. Nd5 {[%clk 1:14:49]} Bxd5
{[%clk 1:15:33]} 14. exd5 {[%clk 1:15:17]} Nb6 {[%clk 1:14:49]} 15. h4
{[%clk 1:01:00]} Qc7 {[%clk 1:05:54]} 16. Bxb6 {[%clk 0:55:18]} Qxb6
{[%clk 1:06:19]} 17. g5 {[%clk 0:43:27]} Nd7 {[%clk 1:03:22]} 18. Bh3
{[%clk 0:37:45]} Rc7 {[%clk 1:01:32]} 19. g6 {[%clk 0:31:01]} fxg6
{[%clk 0:56:31]} 20. Bxd7+ {[%clk 0:21:23]} Kxd7 {[%clk 0:53:32]} 21. Qg4+
{[%clk 0:14:55]} Kd8 {[%clk 0:53:45]} 22. Qxg6 {[%clk 0:14:41]} Rf8
{[%clk 0:49:56]} 23. Qxg7 {[%clk 0:11:47]} Qxf2 {[%clk 0:44:50]} 24. Qg6
{[%clk 0:07:44]} Rf6 {[%clk 0:43:22]} 25. Qd3 {[%clk 0:06:52]} Rf3
{[%clk 0:41:27]} 26. Qe4 {[%clk 0:05:05]} Rc4 {[%clk 0:35:51]} 27. Qh7
{[%clk 0:04:33]} Rf7 {[%clk 0:34:12]} 28. Qg6 {[%clk 0:04:21]} Rf6
{[%clk 0:29:55]} 29. Qh7 {[%clk 0:04:06]} Qf5 {[%clk 0:20:09]} 30. Qg8+
{[%clk 0:04:31]} Rf8 {[%clk 0:19:53]} 31. Qg2 {[%clk 0:04:51]} Qf2
{[%clk 0:17:31]} 32. Qg6 {[%clk 0:05:13]} Qf5 {[%clk 0:16:26]} 33. Qg2
{[%clk 0:05:38]} Qf2 {[%clk 0:16:51]} 34. Qg6 {[%clk 0:06:04]} Qf5
{[%clk 0:17:15]} 35. Qg2 {[%clk 0:06:30]} 1/2-1/2

[Event "imp"]
[Site "?"]
[Date "2015.03.25"]
[Round "2.10"]
[White "Sieciechowicz, Marcin"]
[Black "Skawinski, Arkadiusz"]
[Result "1/2-1/2"]
[LiveChessVersion "1.4.4"]
[BlackElo "2388"]
[WhiteElo "2447"]

1. d4 {[%clk 1:30:57]} d5 {[%clk 1:30:55]} 2. c4 {[%clk 1:31:19]} c6
{[%clk 1:31:22]} 3. Nf3 {[%clk 1:31:44]} Nf6 {[%clk 1:31:48]} 4. e3
{[%clk 1:30:57]} Bf5 {[%clk 1:29:31]} 5. Nc3 {[%clk 1:31:21]} e6 {[%clk 1:29:53]}
6. Nh4 {[%clk 1:31:39]} Bg4 {[%clk 1:30:01]} 7. Qb3 {[%clk 1:31:48]} Qb6
{[%clk 1:28:45]} 8. h3 {[%clk 1:30:30]} Bh5 {[%clk 1:28:55]} 9. g4
{[%clk 1:26:33]} Bg6 {[%clk 1:29:22]} 10. g5 {[%clk 1:23:49]} Qxb3
{[%clk 1:20:42]} 11. axb3 {[%clk 1:24:05]} Ne4 {[%clk 1:20:39]} 12. Nxg6
{[%clk 1:18:29]} hxg6 {[%clk 1:21:06]} 13. Nxe4 {[%clk 1:17:54]} dxe4
{[%clk 1:21:34]} 14. h4 {[%clk 1:16:21]} f5 {[%clk 1:19:23]} 15. c5
{[%clk 1:13:28]} Be7 {[%clk 1:16:24]} 16. Bg2 {[%clk 1:02:55]} Na6
{[%clk 1:10:48]} 17. f3 {[%clk 0:59:30]} exf3 {[%clk 1:08:38]} 18. Bxf3
{[%clk 0:59:56]} O-O-O {[%clk 1:03:56]} 19. Ke2 {[%clk 0:47:22]} e5
{[%clk 0:58:24]} 20. Bxc6 {[%clk 0:43:51]} exd4 {[%clk 0:56:49]} 21. exd4
{[%clk 0:42:39]} Rxd4 {[%clk 0:54:25]} 22. Be3 {[%clk 0:40:22]} Rdxh4
{[%clk 0:52:46]} 23. Bxb7+ {[%clk 0:30:40]} Kxb7 {[%clk 0:50:32]} 24. c6+
{[%clk 0:31:00]} Kxc6 {[%clk 0:50:55]} 25. Rxa6+ {[%clk 0:31:14]} Kb5
{[%clk 0:39:44]} 26. Rxh4 {[%clk 0:29:35]} Rxh4 {[%clk 0:40:13]} 27. Rxg6
{[%clk 0:29:14]} Bc5 {[%clk 0:26:31]} 28. Bxc5 {[%clk 0:27:56]} Kxc5
{[%clk 0:26:53]} 29. Rxg7 {[%clk 0:27:56]} Rg4 {[%clk 0:27:10]} 30. g6
{[%clk 0:25:04]} a5 {[%clk 0:24:25]} 31. Kd3 {[%clk 0:21:30]} Rg3+
{[%clk 0:23:49]} 32. Ke2 {[%clk 0:18:18]} Rg4 {[%clk 0:22:33]} 33. Ke3
{[%clk 0:16:34]} Kb6 {[%clk 0:21:51]} 34. Rg8 {[%clk 0:16:35]} Kb7
{[%clk 0:22:00]} 35. Kd3 {[%clk 0:16:28]} Ka7 {[%clk 0:20:16]} 36. Ke2
{[%clk 0:11:58]} Kb7 {[%clk 0:20:29]} 37. Kf2 {[%clk 0:12:23]} Ka7
{[%clk 0:20:51]} 38. Kf3 {[%clk 0:12:49]} Kb7 {[%clk 0:21:17]} 39. Ke3
{[%clk 0:13:13]} Ka7 {[%clk 0:21:42]} 40. Kd3 {[%clk 0:42:38]} Kb7
{[%clk 0:51:43]} 41. Kc3 {[%clk 0:42:35]} Ka7 {[%clk 0:50:52]} 42. b4
{[%clk 0:38:52]} axb4+ {[%clk 0:40:41]} 43. Kb3 {[%clk 0:39:12]} Kb7
{[%clk 0:41:06]} 44. Ka4 {[%clk 0:37:23]} Ka6 {[%clk 0:41:00]} 45. g7
{[%clk 0:32:35]} Kb7 {[%clk 0:39:51]} 46. Kb5 {[%clk 0:32:19]} b3
{[%clk 0:36:17]} 47. Kc5 {[%clk 0:31:31]} f4 {[%clk 0:36:00]} 48. Kd4
{[%clk 0:30:26]} f3+ {[%clk 0:35:24]} 49. Ke3 {[%clk 0:30:32]} f2
{[%clk 0:35:50]} 50. Kxf2 {[%clk 0:30:58]} Ka7 {[%clk 0:36:15]} 1/2-1/2

[Event "imp"]
[Site "?"]
[Date "2015.03.25"]
[Round "2.11"]
[White "Grabarczyk, Miroslaw"]
[Black "Przybylski, Wojciech"]
[Result "1/2-1/2"]
[LiveChessVersion "1.4.4"]
[BlackElo "2378"]
[WhiteElo "2433"]

1. d4 {[%clk 1:30:57]} Nf6 {[%clk 1:30:40]} 2. c4 {[%clk 1:31:12]} e6
{[%clk 1:30:37]} 3. Nf3 {[%clk 1:29:34]} d5 {[%clk 1:28:39]} 4. g3
{[%clk 1:27:02]} Bb4+ {[%clk 1:23:19]} 5. Bd2 {[%clk 1:26:40]} Be7
{[%clk 1:22:24]} 6. Bg2 {[%clk 1:25:01]} O-O {[%clk 1:20:52]} 7. O-O
{[%clk 1:19:54]} Nbd7 {[%clk 1:13:41]} 8. Qc2 {[%clk 1:14:28]} c6
{[%clk 1:08:53]} 9. Bg5 {[%clk 1:06:24]} h6 {[%clk 0:59:43]} 10. Bxf6
{[%clk 1:06:17]} Bxf6 {[%clk 0:58:10]} 11. Nbd2 {[%clk 1:06:26]} b6
{[%clk 0:55:04]} 12. cxd5 {[%clk 0:55:37]} cxd5 {[%clk 0:54:53]} 13. Rfc1
{[%clk 0:50:24]} a5 {[%clk 0:39:43]} 14. e3 {[%clk 0:39:29]} b5 {[%clk 0:25:40]}
15. Bf1 {[%clk 0:34:22]} Rb8 {[%clk 0:22:08]} 16. Nb3 {[%clk 0:25:42]} a4
{[%clk 0:14:41]} 17. Nc5 {[%clk 0:25:46]} Nxc5 {[%clk 0:12:56]} 18. Qxc5
{[%clk 0:20:24]} Be7 {[%clk 0:11:23]} 19. Qc7 {[%clk 0:19:42]} Bd6
{[%clk 0:10:55]} 20. Qxd8 {[%clk 0:16:42]} Rxd8 {[%clk 0:10:59]} 21. Ne5
{[%clk 0:16:19]} Bd7 {[%clk 0:07:08]} 22. Nc6 {[%clk 0:13:52]} Bxc6
{[%clk 0:06:50]} 23. Rxc6 {[%clk 0:14:14]} b4 {[%clk 0:05:35]} 24. Rac1
{[%clk 0:11:16]} Kf8 {[%clk 0:05:34]} 25. Ba6 {[%clk 0:07:41]} Ke7
{[%clk 0:05:03]} 26. Kf1 {[%clk 0:08:05]} Rd7 {[%clk 0:04:17]} 27. Ke2
{[%clk 0:08:03]} Ra8 {[%clk 0:01:57]} 28. h4 {[%clk 0:07:08]} Raa7
{[%clk 0:01:44]} 29. Bb5 {[%clk 0:06:23]} Rdb7 {[%clk 0:01:49]} 30. Ba6
{[%clk 0:06:08]} Rc7 {[%clk 0:01:30]} 31. Rxc7+ {[%clk 0:05:39]} Rxc7
{[%clk 0:01:31]} 32. Rxc7+ {[%clk 0:05:57]} Bxc7 {[%clk 0:01:54]} 33. a3
{[%clk 0:06:03]} Bd6 {[%clk 0:01:22]} 34. axb4 {[%clk 0:06:18]} Bxb4
{[%clk 0:01:45]} 35. Bb5 {[%clk 0:06:44]} a3 {[%clk 0:02:06]} 36. bxa3
{[%clk 0:07:08]} Bxa3 {[%clk 0:02:30]} 37. h5 {[%clk 0:07:31]} Bb4
{[%clk 0:02:49]} 38. g4 {[%clk 0:07:49]} Ba3 {[%clk 0:02:43]} 39. f4
{[%clk 0:08:13]} Bc1 {[%clk 0:02:04]} 40. Kf3 {[%clk 0:38:35]} Bb2
{[%clk 0:31:44]} 1/2-1/2

[Event "imp"]
[Site "?"]
[Date "2015.03.26"]
[Round "3.1"]
[White "Gajewski, Grzegorz"]
[Black "Bartel, Mateusz"]
[Result "1/2-1/2"]
[LiveChessVersion "1.4.4"]
[BlackElo "2627"]
[WhiteElo "2648"]

1. c4 {[%clk 1:30:57]} c5 {[%clk 1:30:50]} 2. g3 {[%clk 1:31:17]} Nc6
{[%clk 1:31:02]} 3. Bg2 {[%clk 1:31:39]} g6 {[%clk 1:31:15]} 4. Nc3
{[%clk 1:31:24]} Bg7 {[%clk 1:31:38]} 5. Nf3 {[%clk 1:31:51]} e5 {[%clk 1:31:59]}
6. d3 {[%clk 1:29:53]} Nge7 {[%clk 1:30:50]} 7. Bg5 {[%clk 1:29:26]} f6
{[%clk 1:27:48]} 8. Bd2 {[%clk 1:29:42]} d6 {[%clk 1:28:10]} 9. Qc1
{[%clk 1:25:29]} g5 {[%clk 1:23:34]} 10. h4 {[%clk 1:20:16]} g4 {[%clk 1:23:16]}
11. Nh2 {[%clk 1:20:44]} h5 {[%clk 1:21:34]} 12. a3 {[%clk 1:18:23]} Nd4
{[%clk 1:10:34]} 13. Qd1 {[%clk 1:18:03]} O-O {[%clk 1:10:56]} 14. b4
{[%clk 1:15:37]} Rb8 {[%clk 1:11:03]} 15. Nf1 {[%clk 1:12:44]} b5
{[%clk 1:01:31]} 16. Nxb5 {[%clk 1:11:01]} Nxb5 {[%clk 0:57:28]} 17. cxb5
{[%clk 1:11:25]} Rxb5 {[%clk 0:57:51]} 18. Ne3 Be6 {[%clk 0:49:01]} 19. Qa4
{[%clk 1:09:38]} Qb8 {[%clk 0:48:31]} 20. Nc4 {[%clk 1:08:28]} d5
{[%clk 0:44:15]} 21. Nd6 {[%clk 1:05:33]} Rb6 {[%clk 0:44:17]} 22. bxc5
{[%clk 1:05:57]} Rb1+ {[%clk 0:44:28]} 23. Rxb1 {[%clk 1:06:23]} Qxb1+
{[%clk 0:44:52]} 24. Qd1 {[%clk 1:06:47]} Qa2 {[%clk 0:45:16]} 25. O-O
{[%clk 1:05:43]} Qxa3 {[%clk 0:42:55]} 26. Qc1 {[%clk 1:05:45]} Qa4
{[%clk 0:36:46]} 27. Qa1 {[%clk 1:05:41]} Qc2 {[%clk 0:33:32]} 28. Qxa7
{[%clk 1:03:18]} Nc6 {[%clk 0:25:15]} 29. Qb7 {[%clk 1:03:17]} Nd4
{[%clk 0:22:56]} 30. Bxd5 {[%clk 1:01:58]} Bxd5 {[%clk 0:23:22]} 31. Qxd5+
{[%clk 1:02:23]} Kh7 {[%clk 0:23:49]} 32. Be3 {[%clk 0:59:01]} Nxe2+
{[%clk 0:24:07]} 33. Kg2 {[%clk 0:59:09]} f5 {[%clk 0:24:32]} 34. Nxf5
{[%clk 0:49:12]} Rxf5 {[%clk 0:24:22]} 35. Qe4 {[%clk 0:49:39]} Kg6
{[%clk 0:24:46]} 36. Ra1 {[%clk 0:50:04]} Nd4 {[%clk 0:02:32]} 37. Ra6+
{[%clk 0:42:40]} Bf6 {[%clk 0:02:56]} 38. Qa8 {[%clk 0:43:02]} Qb3
{[%clk 0:02:54]} 39. Ra7 {[%clk 0:36:34]} Qe6 {[%clk 0:02:41]} 40. Qe4
{[%clk 1:05:32]} Qc8 {[%clk 0:32:14]} 41. Bxd4 {[%clk 1:02:42]} exd4
{[%clk 0:32:19]} 42. c6 {[%clk 1:03:02]} Be5 {[%clk 0:31:02]} 43. Rd7
{[%clk 0:59:44]} Qb8 {[%clk 0:26:44]} 44. Qd5 {[%clk 0:49:30]} Rxf2+
{[%clk 0:18:28]} 45. Kxf2 {[%clk 0:49:54]} Qb2+ {[%clk 0:18:54]} 46. Kg1
{[%clk 0:50:17]} Qc1+ {[%clk 0:19:21]} 47. Kh2 {[%clk 0:50:36]} Bxg3+
{[%clk 0:19:46]} 48. Kg2 {[%clk 0:49:18]} Qd2+ {[%clk 0:20:02]} 49. Kxg3
{[%clk 0:49:42]} Qe3+ {[%clk 0:20:23]} 50. Kh2 {[%clk 0:48:34]} Qf4+
{[%clk 0:20:45]} 51. Kg1 {[%clk 0:48:26]} Qc1+ {[%clk 0:21:09]} 52. Kg2
{[%clk 0:47:54]} Qd2+ {[%clk 0:21:34]} 53. Kf1 {[%clk 0:48:17]} Qd1+
{[%clk 0:22:00]} 54. Kf2 {[%clk 0:48:37]} Qd2+ {[%clk 0:22:25]} 55. Kg1
{[%clk 0:48:54]} Qc1+ {[%clk 0:22:51]} 56. Kh2 {[%clk 0:49:17]} Qf4+
{[%clk 0:23:16]} 57. Kg1 {[%clk 0:49:37]} Qc1+ {[%clk 0:23:40]} 58. Kh2
{[%clk 0:50:01]} 1/2-1/2

[Event "imp"]
[Site "?"]
[Date "2015.03.26"]
[Round "3.2"]
[White "Olszewski, Michal"]
[Black "Piorun, Kacper"]
[Result "0-1"]
[LiveChessVersion "1.4.4"]
[BlackElo "2528"]
[WhiteElo "2567"]

1. d4 {[%clk 1:30:55]} d5 {[%clk 1:30:48]} 2. c4 {[%clk 1:31:18]} dxc4
{[%clk 1:31:11]} 3. e4 {[%clk 1:31:34]} e5 {[%clk 1:31:27]} 4. Nf3
{[%clk 1:31:08]} Bb4+ {[%clk 1:31:47]} 5. Nc3 {[%clk 1:28:31]} exd4
{[%clk 1:31:49]} 6. Nxd4 {[%clk 1:23:35]} Ne7 {[%clk 1:32:02]} 7. Bf4
{[%clk 1:18:05]} Ng6 {[%clk 1:30:18]} 8. Bg3 {[%clk 1:11:51]} Qe7
{[%clk 1:30:37]} 9. Be2 {[%clk 1:05:51]} O-O {[%clk 1:29:28]} 10. O-O
{[%clk 0:58:10]} c6 {[%clk 1:28:59]} 11. Qc2 {[%clk 0:55:36]} Nd7
{[%clk 1:09:38]} 12. Nf5 {[%clk 0:54:25]} Qf6 13. Bxc4 {[%clk 0:46:20]} Nb6
{[%clk 1:08:39]} 14. Bb3 {[%clk 0:46:04]} Be6 {[%clk 0:58:14]} 15. Nd1
{[%clk 0:41:54]} Rfd8 {[%clk 0:54:28]} 16. Nde3 {[%clk 0:40:29]} Rd2
{[%clk 0:49:18]} 17. e5 {[%clk 0:39:02]} Rxc2 {[%clk 0:46:53]} 18. exf6
{[%clk 0:39:26]} Bxb3 {[%clk 0:47:18]} 19. axb3 {[%clk 0:38:35]} Rxb2
{[%clk 0:47:42]} 20. fxg7 {[%clk 0:35:16]} Bc3 {[%clk 0:47:45]} 21. Rfd1
{[%clk 0:19:31]} Bxg7 {[%clk 0:44:54]} 22. Nxg7 {[%clk 0:16:49]} Kxg7
{[%clk 0:44:55]} 23. Rd3 {[%clk 0:16:56]} Nd5 {[%clk 0:23:12]} 24. Nxd5
{[%clk 0:17:17]} cxd5 {[%clk 0:23:39]} 25. h4 {[%clk 0:17:36]} h5
{[%clk 0:22:35]} 26. Rxd5 {[%clk 0:14:28]} Rxb3 {[%clk 0:22:51]} 27. Rxh5
{[%clk 0:14:55]} Rb4 {[%clk 0:22:23]} 28. Ra3 {[%clk 0:12:11]} a5
{[%clk 0:20:22]} 29. Rg5 {[%clk 0:09:26]} f6 {[%clk 0:19:03]} 30. Rh5
{[%clk 0:01:10]} a4 {[%clk 0:18:38]} 31. Rc5 {[%clk 0:00:45]} b6 {[%clk 0:12:24]}
32. Rc7+ {[%clk 0:00:59]} Kh6 {[%clk 0:12:50]} 33. Rf3 {[%clk 0:00:42]} a3
{[%clk 0:12:24]} 34. Bd6 {[%clk 0:00:38]} a2 {[%clk 0:12:18]} 0-1

[Event "imp"]
[Site "?"]
[Date "2015.03.26"]
[Round "3.3"]
[White "Klekowski, Maciej"]
[Black "Brodowski, Piotr"]
[Result "1/2-1/2"]
[LiveChessVersion "1.4.4"]
[BlackElo "2435"]
[WhiteElo "2434"]

1. c4 {[%clk 1:30:57]} Nf6 {[%clk 1:30:32]} 2. d4 {[%clk 1:30:30]} g6
{[%clk 1:28:30]} 3. g3 {[%clk 1:28:52]} Bg7 {[%clk 1:28:47]} 4. Bg2
{[%clk 1:29:17]} O-O {[%clk 1:29:07]} 5. Nc3 {[%clk 1:27:35]} d6 {[%clk 1:29:31]}
6. Nf3 {[%clk 1:27:58]} Nbd7 {[%clk 1:29:53]} 7. O-O {[%clk 1:27:42]} e5
{[%clk 1:30:15]} 8. e4 {[%clk 1:26:30]} exd4 {[%clk 1:29:02]} 9. Nxd4
{[%clk 1:26:41]} Re8 {[%clk 1:29:29]} 10. h3 {[%clk 1:20:09]} Nc5
{[%clk 1:29:48]} 11. Re1 {[%clk 1:20:32]} Bd7 {[%clk 1:30:14]} 12. b3
{[%clk 1:16:28]} a5 {[%clk 1:15:38]} 13. Rb1 {[%clk 0:59:37]} Qc8
{[%clk 1:12:16]} 14. Kh2 {[%clk 0:57:30]} h5 15. Bg5 {[%clk 0:47:57]} Nh7
{[%clk 0:57:45]} 16. Be3 {[%clk 0:48:07]} c6 {[%clk 0:55:25]} 17. h4
{[%clk 0:42:31]} Qc7 {[%clk 0:53:21]} 18. Qd2 {[%clk 0:41:26]} Rad8
{[%clk 0:50:54]} 19. Red1 {[%clk 0:38:54]} Bg4 {[%clk 0:44:59]} 20. f3
{[%clk 0:38:56]} Bc8 {[%clk 0:45:22]} 21. a3 {[%clk 0:34:39]} Qe7
{[%clk 0:41:18]} 22. b4 {[%clk 0:26:51]} axb4 {[%clk 0:41:38]} 23. axb4
{[%clk 0:27:17]} Nd7 {[%clk 0:41:41]} 24. f4 {[%clk 0:27:32]} Nhf6
{[%clk 0:37:09]} 25. Bg1 {[%clk 0:27:51]} Ng4+ {[%clk 0:37:31]} 26. Kh1
{[%clk 0:28:18]} Ndf6 {[%clk 0:29:16]} 27. Qc2 {[%clk 0:22:58]} Bh6
{[%clk 0:22:57]} 28. Rf1 {[%clk 0:20:30]} Bg7 {[%clk 0:22:51]} 29. Rfe1
{[%clk 0:20:12]} Nh6 {[%clk 0:22:18]} 30. b5 {[%clk 0:18:23]} c5 {[%clk 0:21:51]}
31. Nf3 {[%clk 0:18:14]} b6 {[%clk 0:21:59]} 32. Rbd1 {[%clk 0:16:52]} Bb7
{[%clk 0:21:49]} 33. Ng5 {[%clk 0:16:06]} Nfg4 {[%clk 0:21:52]} 34. Nd5
{[%clk 0:10:11]} Bxd5 {[%clk 0:22:15]} 35. Rxd5 {[%clk 0:10:33]} Nf5
{[%clk 0:18:43]} 36. exf5 {[%clk 0:05:26]} Qxe1 {[%clk 0:19:03]} 37. fxg6
{[%clk 0:05:51]} f6 {[%clk 0:15:50]} 38. Rd1 {[%clk 0:06:03]} fxg5
{[%clk 0:11:24]} 39. Rxe1 {[%clk 0:06:07]} Rxe1 {[%clk 0:11:47]} 40. Bd5+
{[%clk 0:33:00]} Kh8 {[%clk 0:42:09]} 41. Qf5 {[%clk 0:33:06]} Rde8
{[%clk 0:31:14]} 42. Qxg5 {[%clk 0:29:10]} Rxg1+ {[%clk 0:26:58]} 43. Kxg1
{[%clk 0:29:36]} Bd4+ {[%clk 0:27:26]} 44. Kg2 {[%clk 0:23:58]} Re2+
{[%clk 0:25:43]} 45. Kf3 {[%clk 0:23:53]} Re3+ {[%clk 0:22:02]} 46. Kg2
{[%clk 0:24:17]} Re2+ {[%clk 0:22:26]} 47. Kf3 {[%clk 0:24:41]} 1/2-1/2